A text book of bioinformatics / (Record no. 23925)
[ view plain ]
| 000 -LEADER | |
|---|---|
| fixed length control field | 01010cam a22003255a 4500 |
| 001 - CONTROL NUMBER | |
| control field | 1063186 |
| 005 - DATE AND TIME OF LATEST TRANSACTION | |
| control field | 20240818093022.0 |
| 008 - FIXED-LENGTH DATA ELEMENTS--GENERAL INFORMATION | |
| fixed length control field | 101213s2008 ii a frb 001 0 eng d |
| 020 ## - INTERNATIONAL STANDARD BOOK NUMBER | |
| Cancelled/invalid ISBN | 9788171339174 |
| 020 ## - INTERNATIONAL STANDARD BOOK NUMBER | |
| Cancelled/invalid ISBN | 8171339174 |
| 040 ## - CATALOGING SOURCE | |
| Original cataloging agency | CaPaEBR |
| Transcribing agency | CaPaEBR |
| Language of cataloging | eng |
| Modifying agency | EG-ScBUE |
| 082 04 - DEWEY DECIMAL CLASSIFICATION NUMBER | |
| Edition number | 22 |
| Classification number | 570.285 |
| Item number | SHA |
| 100 1# - MAIN ENTRY--PERSONAL NAME | |
| Personal name | Sharma, Vinay. |
| 245 12 - TITLE STATEMENT | |
| Title | A text book of bioinformatics / |
| Statement of responsibility, etc | Vinay Sharma, Ashok Munjal and Asheesh Sanker. |
| 250 ## - EDITION STATEMENT | |
| Edition statement | 1st ed. |
| 260 ## - | |
| -- | Meerut : |
| -- | Rastogi Publications, |
| -- | 2008. |
| 300 ## - PHYSICAL DESCRIPTION | |
| Extent | xiv, 260 p. : |
| Other physical details | ill. ; |
| Dimensions | 24 cm. |
| 336 ## - CONTENT TYPE | |
| Source | rdacontent |
| Content type term | text |
| Content type code | txt |
| 337 ## - MEDIA TYPE | |
| Media type term | unmediated |
| Source | rdamedia |
| Media type code | n |
| 338 ## - CARRIER TYPE | |
| Carrier type term | volume |
| Carrier type code | nc |
| Source | rdacarrier |
| 500 ## - GENERAL NOTE | |
| General note | Index : p. [255]-260. |
| 504 ## - BIBLIOGRAPHY, ETC. NOTE | |
| Bibliography, etc | Includes bibliographical references. |
| 521 ## - TARGET AUDIENCE NOTE | |
| Target audience note | For university students. |
| 650 #7 - SUBJECT ADDED ENTRY--TOPICAL TERM | |
| Topical term or geographic name as entry element | Bioinformatics. |
| Source of heading or term | BUEsh |
| 9 (RLIN) | 5545 |
| 653 ## - INDEX TERM--UNCONTROLLED | |
| Resource For college | Informatics and Computer Science |
| Arrived date list | January2017 |
| 700 1# - ADDED ENTRY--PERSONAL NAME | |
| Personal name | Munjal, Ashok. |
| 700 1# - ADDED ENTRY--PERSONAL NAME | |
| Personal name | Shanker, Asheesh. |
| 710 2# - ADDED ENTRY--CORPORATE NAME | |
| Corporate name or jurisdiction name as entry element | ebrary, Inc. |
| 942 ## - ADDED ENTRY ELEMENTS (KOHA) | |
| Source of classification or shelving scheme | Dewey Decimal Classification |
| Classification part | RDA-MOD |
| Withdrawn status | Lost status | Source of classification or shelving scheme | Damaged status | Not for loan | Collection code | Home library | Current library | Shelving location | Date acquired | Source of acquisition | Cost, normal purchase price | Serial Enumeration / chronology | Total Checkouts | Full call number | Barcode | Date last seen | Cost, replacement price | Price effective from | Koha item type |
|---|---|---|---|---|---|---|---|---|---|---|---|---|---|---|---|---|---|---|---|
| Dewey Decimal Classification | Scientific home BookShop | Central Library | Central Library | First floor | 15/01/2017 | Purchase | 70.00 | 2691 | 570.285 SHA | 000040957 | 15/07/2025 | 87.50 | 15/01/2017 | Book - Borrowing |